000 01405cam a22002771i 4500
003 SA-RiAUC
005 20260313120407.0
008 260312s1910 ua a g f000 0 ara c
040 _aMUFTI
_bara
_cSA-RiAUC
_erda
082 0 4 _a252.5
090 _aم ن 252.5
_bس ر س
100 1 _aالسرسي، أحمد النشوقي
_eمؤلف.
245 1 0 _aشرح الضياء على قصيدة السيد أحمد باشا الضي في مناسك الحج والعمرة على المذاهب الأربعة /
_cأحمد النشوقي السرسي.
250 _aالطبعة الأولى.
264 1 _a[القاهرة] :
_bالمطبعة الأميرية،
_c[1910]
300 _a54 صفحة؛
_c29 سم.
336 _aنص
_btxt
_2rdacontent
_3كتاب
337 _aبدون وسيط
_bn
_2rdamedia
338 _aمجلد
_bnc
_2rdacarrier
650 7 _aالحج (فقه إسلامي)
_xمناسك
_2aucsh
650 7 _aالعمرة (فقه إسلامي)
_xمناسك
_2aucsh
700 1 2 _aالضي، أحمد بن أحمد بن محمد،
_cباشا
_tقصيدة السيد أحمد باشا الضي في مناسك الحج والعمرة على المذاهب الأربعة.
740 0 2 _aقصيدة السيد أحمد باشا الضي في مناسك الحج والعمرة على المذاهب الأربعة.
942 _2ddc
_cRBOOK COPY
_n0
949 _aSA-JeALM
_d260312
_umohamedma123
_n1
999 _c14553
_d14553